LIBRARY & INFORMATION CENTRE, KCAET, TAVANUR

ONLINE PUBLIC ACCESS CATALOGUE (OPAC)

Long throated flumes and broad-crested weirs / (Record no. 7712)

MARC details
000 -LEADER
fixed length control field 00420cam a2200157ua 4500
020 ## - INTERNATIONAL STANDARD BOOK NUMBER
ISBN 90-247-3113-5
041 ## - LANGUAGE CODE
Language code of text/sound track or separate title eng
082 ## - DEWEY DECIMAL CLASSIFICATION NUMBER
Classification number 627.883
Item number BOS/LO
100 ## - MAIN ENTRY--AUTHOR NAME
Personal name Bos, M.G .
245 ## - TITLE STATEMENT
Title Long throated flumes and broad-crested weirs /
260 ## - PUBLICATION, DISTRIBUTION, ETC. (IMPRINT)
Place of publication Boston :
Name of publisher Martinus Nijhoff/DR W.Junk Publishers ,
Year of publication 1985.
300 ## - PHYSICAL DESCRIPTION
Number of Pages 141 ; .
942 ## - ADDED ENTRY ELEMENTS (KOHA)
Koha item type Books
Holdings
Withdrawn status Lost status Damaged status Home library Current library Date acquired Full call number Accession Number Koha item type
      KAUAET KAUAET 01/11/1988 627.883 BOS/LO 16393 Books
free website counter